Language Quiz

Random Language Quiz

Begins and Ends with 'S' Quiz Stats

 Plays Quiz not verified by Sporcle

Challenge
Share
Tweet
Embed
Score 0/15 Timer 07:00
0 Plays Today
Hint % Correct
Little particles that top ice cream sundaes Sprinkles
83.6%
A type of bank accountSavings
76.3%
What you climb on a staircaseSteps
74%
An outline for a class or programSyllabus
67.7%
Obama's new package Stimulus
58.8%
Having excess of Surplus
55.3%
Obtained, done, made, etc., by stealtSurreptitious
55.1%
Brazziere commonly worn with dressesStrapless
50.3%
Hint % Correct
An achievement of something doneSuccess
44.7%
Popular computer game Sims
37.9%
A demonic female spiritSuccubus
34.3%
A religious group started by Mother Ann Lee Shakers
10.9%
an abnormal passage leading from a cavity to the body surface Sinus
9.1%
A slender-branched tree, or a teaSassafras
7.3%
Obscene or indecentSalacious
7.1%

You're not logged in!

Compare scores with friends on all Sporcle quizzes.
Join for Free
OR
Log In

You Might Also Like...

Show Comments

Extras

Created Dec 8, 2009ReportNominate
Tags:end

Top Quizzes Today


Score Distribution

Your Account Isn't Verified!

In order to create a playlist on Sporcle, you need to verify the email address you used during registration. Go to your Sporcle Settings to finish the process.

Report this User

Report this user for behavior that violates our Community Guidelines.

Details: